Sức bền vật liệu Dùng cho học sinh trung học chuyên nghiệp

Cắt và tính toán thực hành cắt và dập; Tính độ bền của thanh chịu ứng suất thay đổi theo thời gian; Tải trọng động; Khái niệm về tính toán theo tải trọng phá hoại và theo trạng thái giới hạn

Na minha lista:
Detalhes bibliográficos
Autor principal: Nguyễn, Văn Nhậm
Outros Autores: Đinh, Đăng Miễn (tác giả)
Formato: Livro
Idioma:Vietnamese
Publicado em: H. Đại học và trung học chuyên nghiệp 1981
Assuntos:
Tags: Adicionar Tag
Sem tags, seja o primeiro a adicionar uma tag!
Thư viện lưu trữ: Mạng thư viện Đại học Đà Nẵng
LEADER 01390nam a2200325 4500
001 000013251
003 9591
005 20120531090543.0
008 120313s1981 viesd
041 0 |a vie 
082 |a 620.1  |b NG-N 
100 0 |a Nguyễn, Văn Nhậm 
245 0 |a Sức bền vật liệu  |b Dùng cho học sinh trung học chuyên nghiệp  |c Nguyễn, Văn Nhậm; Đinh, Đăng Miễn 
260 |a H.  |b Đại học và trung học chuyên nghiệp  |c 1981 
300 |a 342 tr  |c 19 cm 
520 |a Cắt và tính toán thực hành cắt và dập; Tính độ bền của thanh chịu ứng suất thay đổi theo thời gian; Tải trọng động; Khái niệm về tính toán theo tải trọng phá hoại và theo trạng thái giới hạn 
653 |a Sức bền vật liệu 
653 |a giáo trình 
700 |a Đinh, Đăng Miễn  |e tác giả 
910 |a Nguyễn, Thị Kim Oanh  |d 13/03/2012 
OWN |a LSP 
AVA |a UDN50  |b LSP  |d 620.1 NG-N  |e available  |t Error 5001 Not defined in file expand_doc_bib_avail.  |f 1  |g 0  |h N  |i 0  |k 1 
999 |a From the UDN01 
AVA |a UDN50  |b LSP  |d 620.1 NG-N  |e available  |t Error 5001 Not defined in file expand_doc_bib_avail.  |f 1  |g 0  |h N  |i 0  |k 1 
TYP |a Monograph 
TYP |a Printed language 
980 |a Mạng thư viện Đại học Đà Nẵng